| 000 | 01050cam a22003135a 4500 | ||
|---|---|---|---|
| 001 | ocn312625951 | ||
| 003 | OSt | ||
| 005 | 20160211123531.0 | ||
| 008 | 081125s2009 enkbj frbd 001 0 eng d | ||
| 020 | _a9780140446814 (pbk.) | ||
| 040 |
_aUKM _beng _cUKM _dYDXCP _dVP@ _dC#P _dBWX _dEG-ScBUE _dEG-ScBUE |
||
| 041 | 1 |
_aeng _hsan |
|
| 082 | 0 | 4 |
_a294.592304521 _bMAH _222 |
| 130 | 0 |
_aMahābhārata. _lEnglish |
|
| 245 | 1 | 4 |
_aThe Mahābhārata / _can abridged translation by John D. Smith. |
| 260 |
_aLondon ; _aNew York : _bPenguin Books, _c2009. |
||
| 300 |
_alxx, [834] p. : _bmap, geneal. tables ; _c20 cm. |
||
| 490 | 0 | _aPenguin classics | |
| 500 | _aIndex : p. 818-[834] | ||
| 500 | _aIncludes genealogical tables. | ||
| 500 | _aIncludes glossary. | ||
| 504 | _aIncludes bibliographical references. | ||
| 546 | _aText in English ; translated from original Sanskrit. | ||
| 630 | 0 | 0 |
_aMahābhārata _vAbridgments. |
| 651 | _2BUEsh | ||
| 653 |
_bEEENG _cJuly2015 _cFebruary2016 |
||
| 700 | 1 |
_aSmith, John D., _d1946- _etranslator. |
|
| 942 | _2ddc | ||
| 999 |
_c20140 _d20112 |
||